|
|
|
|
| LEADER |
01012nam a2200277 a 4500 |
| 001 |
3805 |
| 003 |
BD-DhAAL |
| 005 |
20150208124652.0 |
| 008 |
150201s1996 enka b 001 0 eng |
| 010 |
|
|
|a 95012463
|
| 020 |
|
|
|a 0521481023 (hardcover)
|
| 040 |
|
|
|a DLC
|c DLC
|d DLC
|d BD-DhAAL
|
| 050 |
0 |
0 |
|a HJ131
|b .B74 1996
|
| 082 |
0 |
0 |
|a 336
|2 20
|
| 100 |
1 |
|
|a Breton, Albert.
|9 7777
|
| 245 |
1 |
0 |
|a Competitive governments :
|b an economic theory of politics and public finance /
|c Albert Breton.
|
| 260 |
|
|
|a Cambridge ;
|a New York :
|b Cambridge University Press,
|c 1996.
|
| 300 |
|
|
|a xiv, 385 p. :
|b ill. ;
|c 24 cm.
|
| 504 |
|
|
|a Includes bibliographical references (p. [337]-361) and indexes.
|
| 541 |
|
|
|e 3805
|
| 650 |
|
0 |
|a Finance, Public.
|9 7529
|
| 650 |
|
0 |
|a Public goods.
|9 7778
|
| 650 |
|
0 |
|a Government competition.
|9 7779
|
| 942 |
|
|
|2 ddc
|c BK
|
| 999 |
|
|
|c 33546
|d 33546
|
| 952 |
|
|
|0 0
|1 0
|2 ddc
|4 0
|6 336_000000000000000_BRE
|7 0
|9 52405
|a SCL
|b SCL
|c GEN
|d 2015-02-01
|l 1
|o 336 BRE
|p 3020003805
|r 2025-07-03
|s 2025-07-01
|t 1
|w 2015-02-01
|y BK
|